000 01272nam a2200301 c 4500
999 _c57110
_d57110
003 BLK
005 20220813162400.0
008 180408b bul|||||r ||||||| ||bul||
010 _aKNG00061100000
040 _aBLK
041 _aBUL
_cBUL
080 _aХигиена на храненето. Режим на храненето. Вж и 612.39 ; 614.3 ; 615.874 ; 641
_b613.2
_x(035)
_z613.2(035)
100 1 _aМаркова, Митана
_eпърви автор
_9287350
139 _aМаркова, Митана и др.
_bМ 32
245 1 0 _aНаръчник по храненето
_bНауч. основи
_cМитана Маркова, Николай Ангелов Джелепов.
257 _aBGR
260 _aСофия
_bМедицина и физкултура
_c1974
_fПловдив : Д. Благоев
300 _a136 с.
_bс табл.
_c20 см
380 _a61
500 _a11 095 тир. - Библиогр. с. 132.
650 4 _aХранене - наръчници и ръководства
_9259293
700 1 _aДжелепов, Николай Ангелов
_eсъавт.
_9367912
852 _aЦб 70909
_bЦб
856 4 _qpdf
856 4 _qpdf
942 _cKNG
_n0
_s1
944 _aCR
_c13.06.2004
_kЧиталня
944 _aED
_c06.10.2016
_kКети_Илиева
944 _aED
_c2022-08-13
_kВП
999 _d57110